| 000 | 00000cam 2200000zi 4500 |
| 001 | 9.939712 |
| 003 | CaOODSP |
| 005 | 20251208122656 |
| 006 | m o d f |
| 007 | cr cn||||||||| |
| 008 | 240624t20242024oncao o f000 0 fre d |
| 020 | |z9780660706146 |
| 040 | |aCaOODSP|bfre|erda|cCaOODSP |
| 043 | |an-cn--- |
| 086 | 1 |aA104-486/2024-1F-PDF|zA104-486/2024F |
| 245 | 00|aFulgore tacheté : |bvous le voyez? Photographiez, capturez et signalez-le. |
| 264 | 1|a[Ottawa] : |bAgence canadienne d'inspection des aliments = Canadian Food Inspection Agency, |c[2024] |
| 264 | 4|c©2024 |
| 300 | |a1 ressource en ligne (2 pages non numérotées) : |billustrations, photographies |
| 336 | |atexte|btxt|2rdacontent/fre |
| 337 | |ainformatique|bc|2rdamedia/fre |
| 338 | |aressource en ligne|bcr|2rdacarrier/fre |
| 500 | |aTitre de départ. |
| 500 | |aLe numéro de catalogue (A104-486/2024F) et ISBN (9780660706146) imprimés dans cette publication sont incorrects. |
| 500 | |aPublié aussi en anglais sous le titre : Spotted lanternfly : spot it? Snap, catch and report it. |
| 520 | |a« Si vous pensez avoir trouvé une nymphe de fulgore tacheté, un adulte ou une masse d'œufs au Canada, signalez-le à l'Agence canadienne d'inspection des aliments » -- Page [2]. |
| 650 | 6|aFulgore tacheté|xLutte contre|zCanada. |
| 710 | 2 |aAgence canadienne d'inspection des aliments, |eorganisme de publication. |
| 775 | 08|tSpotted lanternfly : |w(CaOODSP)9.939709 |
| 856 | 40|qPDF|s7.45 Mo|uhttps://publications.gc.ca/collections/collection_2024/acia-cfia/A104-486-2024-1-fra.pdf |
| 856 | 4 |qHTML|sS.O.|uhttps://inspection.canada.ca/fr/protection-vegetaux/phytoravageurs-plantes-envahissantes/insectes/fulgore-tachete/fiches-dinformation |